000 00427nam a22001817a 4500
003 LK-CoDNM
005 20241224090745.0
008 241223b |||||||| |||| 00| 0 eng d
040 _aLK-CoDNM
_dLK-CoDNM
_eLK-CoDNM
041 _aeng
080 _a3
_bA13
100 _aKARSCH,FRED
245 _aENTOMOGISCHE NACHIRCHTEN
_bNO 9
260 _bBERLIN
_c1893
300 _a14p. : 26 cm
650 _ascience
942 _cBK
999 _c233996
_d233996